| 000 | 00446pam a2200157 a 4500 | ||
|---|---|---|---|
| 020 | _a0070359180 (acidfree paper) | ||
| 040 | _cDLC | ||
| 082 | 0 | 0 | _a301 MCG 1994 A011 Or. |
| 100 | 1 | _aKottak, Conrad Phillip. | |
| 245 | 1 | 0 |
_aAnthropology : _bthe exploration of human diversity / |
| 250 | _a6th ed. | ||
| 260 |
_aNew York : _bMcGraw-Hill, _cc1994. |
||
| 300 |
_axxix, 575 p. : _bcol. ill., maps ; _c26 cm. |
||
| 650 | 0 | _aAnthropology. | |
| 942 | _cEK | ||
| 999 |
_c13407 _d13407 |
||